00438nam a2200133Ia 4500008004100000041001200041100000800053245007500061260000600136650000600142942000700148999001700155952013200172221030s9999 xx 000 0 und d aEnglish aBPB 0aUpto Date Linear ICS Data & Comparision Tables A99....UPC 4741cby BPB c0 aB cBK c14467d14467 pB 6846l0r2022-10-30 00:00:00w2022-10-30yBK003Print4070aMIETLIBbMIETLIBcBL-, FL-, CUP-0, SH-0, R-0d2012-12-1810HBE